Odgadnij powiedzenia po emoji - Statystyki

Ogólne statystyki
  • Ten quiz został rozwiązany 77 razy
  • Średni wynik to 7 z 15
Statystyki odpowiedzi
Emoji Powiedzenie % Poprawnych
👩‍🍳👩‍🍳👩‍🍳👩‍🍳👩‍🍳👩‍🍳❌🍲 Gdzie kucharek sześć, tam nie ma, co jeść.
95%
👁↔️👁🦷↔️🦷 Oko za oko, ząb za ząb.
81%
🐐⏫🦵💥 Gdyby kózka nie skakała, to by nóżki nie złamała.
79%
👦👧🐟❌🗣 Dzieci i ryby głosu nie mają.
71%
✍🐔👆 Pisać jak kura pazurem.
71%
🥖🧈 Bułka z masłem.
56%
👨‍🔧⚡❌👉 Elektryka prąd nie tyka.
53%
🛣🛣🛣➡️🏛🍕🟩⬜🟥 Wszystkie drogi prowadzą do Rzymu.
48%
🍽🐎👣 Zjeść konia z kopytami.
44%
😈❌😰🎨 Nie taki diabeł straszny, jak go malują.
37%
❌🛠❌🍩 Bez pracy nie ma kołaczy.
35%
💘❌👁 MIłość jest ślepa.
24%
🛣➡️⌛ Komu w drogę, temu czas.
19%
👨➡️👦 Jaki ojciec, taki syn.
16%
🐦❌🌺 Jedna jaskółka wiosny nie czyni.
11%
Nie znaleziono quizów pasujących do podanych kryteriów
Rozkład punktacji
Procent ludzi z każdym wynikiem
Percentyl według liczby udzielonych odpowiedzi
Twoja historia wyników
Nie rozwiązałeś tego quizu